10 najrzadziej zgadywanych państw w quizie ,,Państwa Azji'' - Statystyki

Ogólne statystyki
  • Ten quiz został rozwiązany 18 razy
  • Średni wynik to 8 z 10
Statystyki odpowiedzi
Procent odgadnięć Państwa % Poprawnych
56 Bhutan
93%
48 Malediwy
87%
52 Mjanma
87%
40 Timor Wschodni
87%
45 Bahrajn
80%
37 Brunei
80%
58 Kambodża
80%
57 Singapur
80%
54 Kuwejt
67%
51 Liban
67%
Nie znaleziono quizów pasujących do podanych kryteriów
Rozkład punktacji
Procent ludzi z każdym wynikiem
Percentyl według liczby udzielonych odpowiedzi
Twoja historia wyników
Nie rozwiązałeś tego quizu